01007cam a2200265 a 4500001001000000003000400010005001700014008004100031040002500072082002300097100006800120245010600188260005900294300003200353490001300385504003200398600004100430651004200471700004300513830001900556910001500575942001400590952012200604999001500726000002086OSt20210318124521.0760820q19731974ve a b 001 0bspa  aDO-SdBNPbspacBNPHU 4a987.063bR771c2221 aRondón Márquez, R. A. q(Rafael Angel),d1898-1966.9671310aCrespo y la revolución legalista /cR. A. Rondón Márquez ; prólogo de Ramón J. Velásquez. a[Caracas]? :bEdiciones de la Contraloría,c[1973]?. avi, 303 p. :bil. ;c23 cm.1 aHistoria aBibliografía: p. 301-303.14aCrespo, Joaquín,d1841-1898.96714 4aVenezuelaxHistoriay1830-1935.967151 aVelásquez, Ramón J.epról.96716 0aHistoria92122 aEn proceso 2ddccLBS1 001052708MOaGRbGRcCTd2009-07-24iLF1l0o987.063 R771cp2086-10r2020-06-25w2020-06-25y2ZPréstamo interno c1946d1946